| 000 | 01725cam a22003618a 4500 | ||
|---|---|---|---|
| 001 | 16095764 | ||
| 005 | 20100224104617.0 | ||
| 008 | 100216s2011 pau bf 001 0 eng | ||
| 020 | _a9781608313402 | ||
| 035 | _a(DNLM)101524343 | ||
| 040 |
_aDNLM/DLC _cDLC |
||
| 082 | 0 | 0 |
_a616.10754 _222 _bHEM |
| 245 | 0 | 0 | _aHemodynamic Monitoring Made Incredibly Visual!. |
| 250 | _a2nd ed. | ||
| 260 |
_aPhiladelphia : _bLippincott Williams & Wilkins, _cc2011. |
||
| 263 | _a1003 | ||
| 300 |
_avi, 154 p. : _c|b col. ill. ; _b23 cm. |
||
| 504 | _aIncludes bibliographical references and index. | ||
| 505 | 0 | _aCardiopulmonary anatomy and physiology -- Understanding a pressure monitoring system -- Vascular access -- Central venous pressure monitoring -- Arterial pressure monitoring -- Pulmonary artery pressure monitoring -- Cardiac output monitoring -- Tissue oxygenation monitoring -- Minimally invasive hemodynamic monitoring -- Circulatory assist devices. | |
| 650 | 0 |
_aHemodynamic monitoring _vAtlases. _928888 |
|
| 650 | 0 |
_aCardiovascular system _xDiseases _xDiagnosis _vAtlases. _928889 |
|
| 650 | 0 |
_aPatient monitoring _vAtlases. _928890 |
|
| 650 | 0 |
_aNursing _vAtlases. _928891 |
|
| 650 | 1 | 2 |
_aHemodynamics _vAtlases. _928892 |
| 650 | 1 | 2 |
_aHemodynamics _vHandbooks. _928893 |
| 650 | 2 | 2 |
_aMonitoring, Physiologic _vAtlases. _928894 |
| 650 | 2 | 2 |
_aMonitoring, Physiologic _vHandbooks. _928895 |
| 653 |
_bNUR _cFebruary2012 |
||
| 710 | 2 |
_aLippincott Williams & Wilkins. _928896 |
|
| 942 |
_2ddc _cNRB |
||
| 999 |
_c16459 _d16459 |
||